Clubs Vainqueurs de la LDC - Statistiques

Statistiques générales
  • Ce quiz a été pris 6 778 fois
  • Le résultat moyen est 8 sur 15
Answers on the Grid
Answers color-coded by a green-red scale on the quiz's grid according to % correct below.
FC Barcelone
Valence
Bayer Leverkusen
Dortmund
Hambourg SV
Strasbourg
Monaco
Benfica
Sporting
Om
Ol
Bayern Munich
Red bull Leipzig
Real Madrid
Atletico
CSKA Moscou
Inter Miami
Inter milan
Arsenal
Liverpool
Manchester United
Manchester city
Copenhague
Nottingham Forest
Aston Villa
Everton
Leicester
Porto
Ajax
As Roma
 
Statistiques - réponses
Réponse % Correct
FC Barcelone
99%
Om
64%
Bayern Munich
62%
Real Madrid
62%
Dortmund
60%
Benfica
53%
Liverpool
52%
Inter milan
51%
Manchester city
51%
Manchester United
48%
Ajax
45%
Hambourg SV
41%
Nottingham Forest
41%
Porto
39%
Aston Villa
33%
Aucun quiz correspondant
Distribution des résultats
% des personnes avec chaque résultat
Percentile par nombre de réponses
Votre historique - résultats
Vous n’avez pas pris ce quiz